00292nam a2200121Ia 4500008004100000245004800041260002200089300000700111440000600118521002200124942000700146999001700153140130s9999 xx 000 0 und d cNorman bridwellaClifford the Firehouse Dog bScholastic,c1994 a28 v1 aGrade 1 - Grade 2 cBK c40288d40288